| 000 | 00502pab a2200169 454500 | ||
|---|---|---|---|
| 008 | 180718b xxu||||| |||| 00| 0 eng d | ||
| 100 | _aParikh Kirit | ||
| 245 | _aEconomic reforms and agricultural policy | ||
| 362 | _a28(29 & 30) 17-24 Jul 93, p.1497-50 | ||
| 650 | _a Economic Planning -- India | ||
| 650 | _a Economic Reforms -- India | ||
| 650 | _aAgriculture -- Policy -- India | ||
| 700 | _aSrinivasan P.V. | ||
| 700 | _aJha Shikha | ||
| 773 | _aEconomic and Political Weekly | ||
| 909 | _a24650 | ||
| 999 |
_c24650 _d24650 |
||